Word Ladder: 2016 Summer Blockbuster Quiz Stats

Quiz Updated Jul 16, 2016

Challenge
Share
Tweet
Embed
Score 0/22 Timer 02:00
1 Play Today
Clue 4-Letter Word % Correct
* Not living **DEAD*
99.6%
Comprehend language on the pageREAD
96%
Genuine or authenticREAL
95.5%
A cowboy's footwear of choiceBOOT
92.1%
Defeat someone in a gameBEAT
88.5%
Assist with first aidHEAL
87.1%
Pants supporterBELT
86.8%
Miami sports teamHEAT
86.7%
* Area for swimming **POOL*
86%
Cold-weather garmentCOAT
85.2%
Combustible black-colored fuelCOAL
84.5%
Clue 4-Letter Word % Correct
Black powder produced by burning materialSOOT
84.2%
Hip or chillyCOOL
83.7%
Odd-shaped fruitPEAR
81.8%
To dash away in surpriseBOLT
79.2%
Fuel formed in a bogPEAT
78.6%
Domesticated, horned herbivoreGOAT
76.8%
Resting locale in a car or denSEAT
76.7%
A rotating machine part with cogsGEAR
68.2%
A quarrelSPAT
63.8%
A small roundish markSPOT
63.2%
An ancient person from southern SwedenGEAT
59.1%

Today's Daily Dose

Word Ladder
Summertime

On This Day
June 23rd II

You're not logged in!

Compare scores with friends on all Sporcle quizzes.
Join for Free
OR
Log In

You Might Also Like...

Show Comments

Extras

Top Quizzes Today


Score Distribution

Your Account Isn't Verified!

In order to create a playlist on Sporcle, you need to verify the email address you used during registration. Go to your Sporcle Settings to finish the process.

Report this User

Report this user for behavior that violates our Community Guidelines.

Details: